000 00719nam a2200217Ia 4500
003 CO-CtgCURN
005 20250407180938.0
008 190723s9999 xx 000 0 und d
020 _a958676057X
040 _aCO-CtgCURN
_bspa
_ccoctgcurn
082 _a345.05
_bO77p
100 _aOrtiz Ricaurte, Edgar Henry
245 0 _aLa protección del testigo /
_cEdgar Henry Ortiz Ricaurte
260 _aBogotá, Colombia :
_bEdiciones Doctrina y Ley,
_c1999
300 _a162 páginas ;
_c23 centímetros
521 _aAREA PROFESIONAL
590 _aPrograma de Derecho_18
650 _aTestigos
942 _cBK
_h345.05
_iO77p
_2ddc
_n0
999 _c28895
_d28895